A sermon, delivered at Boston, on Tuesday, April 2, 1799 : at a quarterly meeting of several churches for special prayer. /

Bibliographic Details
Main Author: Baldwin, Thomas, 1753-1825
Format: eBook
Language:English
Series:Early American imprints. Evans (1639-1800) ; no. 35144.
Subjects:
Online Access:Evans Digital Edition

MARC

Tag First Indicator Second Indicator Subfields
LEADER 00000cam a2200000 a 4500
001 in00002136355
006 m e d #
007 cr mn mmmmabba
008 830503s1799 mau s 000 0 eng d
005 20260331151947.2
035 |z t093706 
035 |z w029125 
035 |a MAAR8305031851B 
035 |9 mwa91-9078 
035 |a 332643 
035 |a aas03029125 
040 |a MWA  |c MWA  |e bdrb  |d UtOrBLW 
100 1 |a Baldwin, Thomas,  |d 1753-1825. 
245 1 2 |a A sermon, delivered at Boston, on Tuesday, April 2, 1799 :  |b at a quarterly meeting of several churches for special prayer. /  |c By Thomas Baldwin, A.M. Pastor of the Second Baptist Church in Boston. ; Published by desire of many who heard it. 
264 3 |a Boston :  |b Printed by Manning & Loring,  |c 1799. 
300 |a 24 pages ;  |c 22 cm. (octavo) 
336 |a text  |b txt  |2 rdacontent 
337 |a computer  |b c  |2 rdamedia 
338 |a online resource  |b cr  |2 rdacarrier 
500 |a Half-title: Mr. Baldwin's sermon at the concert of prayer, April 2, 1799. 
510 4 |a Evans  |c 35144 
530 |a Microform version available in the Readex Early American Imprints series. 
533 |a Electronic text and image data.  |b [Chester, Vt. :  |c Readex, a division of Newsbank, Inc.,  |d 2002-2004.  |e Includes files in TIFF, GIF and PDF formats with inclusion of keyword searchable text.  |f (Early American imprints. First series ; no. 35144). 
500 |a Electronic resource. 
655 7 |a Sermons  |y 1799.  |2 rbgenr 
752 |a United States  |b Massachusetts  |d Boston. 
830 0 |a Early American imprints.  |n Series I,  |p Evans (1639-1800) ;  |v no. 35144. 
856 4 1 |u http://proxy.library.tamu.edu/login?url=https://opac.newsbank.com/select/evans/35144  |y Evans Digital Edition  |t 0 
999 |a MARS 
999 f f |s bf3005f3-b065-3deb-b7d3-83d9d68a5b76  |i 9da8bd7f-3965-3ecb-ac26-c1dac75c8176  |t 0 
952 f f |a Texas A&M University  |b College Station  |c Electronic Resources  |s www_evans  |d Available Online  |t 0  |h No information provided 
998 f f |t 0  |l Available Online